Nie je riziko ako riziko: diskusia o rôznych prístupoch k využívaniu pojmu riziko

Rizikám i neistote čelia jednotlivci počas celého života. I keď je tento pojem starý ako civilizácia sama v jeho chápaní a definovaní existujú značné rozdiely a nezrovnalosti. Nielen každý vedný odbor ale aj takmer každý autor ho chápe i definuje v nadväznosti na svoje potreby i zameranie, čo je aj...

Ausführliche Beschreibung

Gespeichert in:
Bibliographische Detailangaben
1. Verfasser: Brokešová, Zuzana, 1985-
Format: Buchkapitel
Sprache:Slowakisch
Schlagworte:
Tags: Tag hinzufügen
Keine Tags, Fügen Sie das erste Tag hinzu!

MARC

LEADER 00000naa a2200000 4500
001 0182025
005 20240502083428.3
041 0 |a slo 
044 |a CZ 
245 1 0 |a Nie je riziko ako riziko: diskusia o rôznych prístupoch k využívaniu pojmu riziko  |c Zuzana Brokešová 
520 |a Rizikám i neistote čelia jednotlivci počas celého života. I keď je tento pojem starý ako civilizácia sama v jeho chápaní a definovaní existujú značné rozdiely a nezrovnalosti. Nielen každý vedný odbor ale aj takmer každý autor ho chápe i definuje v nadväznosti na svoje potreby i zameranie, čo je aj dôvodom mnohých rozporov a nedorozumení. Navyše v súčasnosti, keď sa zintenzívňujú snahy o multiodborové zameranie výskumu je tento problém ešte výraznejší a jeho riešenie vystupuje do popredia. 
610 2 0 |a pojmy 
610 2 0 |a definície 
610 2 0 |a riziko 
610 2 0 |a volatilita 
100 1 |a Brokešová, Zuzana, 1985-